International security :the contemporary agenda / (Record no. 1315)

000 -LEADER
fixed length control field 01369cam a2200361 a 4500
001 - CONTROL NUMBER
control field 15070448
003 - CONTROL NUMBER IDENTIFIER
control field OSt
005 - DATE AND TIME OF LATEST TRANSACTION
control field 20140415135200.0
008 - FIXED-LENGTH DATA ELEMENTS--GENERAL INFORMATION
fixed length control field 071105s2007 enkab b 001 0 eng d
010 ## - LIBRARY OF CONGRESS CONTROL NUMBER
LC control number 2007299984
020 ## - INTERNATIONAL STANDARD BOOK NUMBER
International Standard Book Number 0745635407
020 ## - INTERNATIONAL STANDARD BOOK NUMBER
International Standard Book Number 9780745653778
020 ## - INTERNATIONAL STANDARD BOOK NUMBER
International Standard Book Number 0745635415 (obk.)
020 ## - INTERNATIONAL STANDARD BOOK NUMBER
International Standard Book Number 9780745635415 (pbk.)
035 ## - SYSTEM CONTROL NUMBER
System control number (OCoLC)ocn127572932
040 ## - CATALOGING SOURCE
Original cataloging agency LWU
Transcribing agency LWU
Modifying agency BAKER
-- BTCTA
-- YDXCP
-- HKP
-- IXA
-- DLC
042 ## - AUTHENTICATION CODE
Authentication code lccopycat
050 00 - LIBRARY OF CONGRESS CALL NUMBER
Classification number JZ5588.D356 2013
082 00 - DEWEY DECIMAL CLASSIFICATION NUMBER
Classification number 355/.033
Edition number 22
100 1# - MAIN ENTRY--PERSONAL NAME
Personal name Dannreuther, Roland.
245 10 - TITLE STATEMENT
Title International security :the contemporary agenda /
Statement of responsibility, etc Roland Dannreuther.
250 ## - EDITION STATEMENT
Edition statement 2nd ed.
260 ## - PUBLICATION, DISTRIBUTION, ETC. (IMPRINT)
Place of publication, distribution, etc Cambridge, UK :
Name of publisher, distributor, etc Polity,
Date of publication, distribution, etc 2013.
300 ## - PHYSICAL DESCRIPTION
Extent 336 p. :
Other physical details ill., map ;
Dimensions 25 cm.
504 ## - BIBLIOGRAPHY, ETC. NOTE
Bibliography, etc Includes bibliographical references (p. [219]-246) and index.
650 #0 - SUBJECT ADDED ENTRY--TOPICAL TERM
Topical term or geographic name as entry element Security, International.
856 42 - ELECTRONIC LOCATION AND ACCESS
Materials specified Contributor biographical information
Uniform Resource Identifier <a href="http://www.loc.gov/catdir/enhancements/fy0805/2007299984-b.html">http://www.loc.gov/catdir/enhancements/fy0805/2007299984-b.html</a>
856 42 - ELECTRONIC LOCATION AND ACCESS
Materials specified Publisher description
Uniform Resource Identifier <a href="http://www.loc.gov/catdir/enhancements/fy0805/2007299984-d.html">http://www.loc.gov/catdir/enhancements/fy0805/2007299984-d.html</a>
856 41 - ELECTRONIC LOCATION AND ACCESS
Materials specified Table of contents only
Uniform Resource Identifier <a href="http://www.loc.gov/catdir/enhancements/fy0805/2007299984-t.html">http://www.loc.gov/catdir/enhancements/fy0805/2007299984-t.html</a>
906 ## - LOCAL DATA ELEMENT F, LDF (RLIN)
a 7
b cbc
c copycat
d 2
e ncip
f 20
g y-gencatlg
942 ## - ADDED ENTRY ELEMENTS (KOHA)
Source of classification or shelving scheme
Koha item type Book
Holdings
Withdrawn status Lost status Source of classification or shelving scheme Damaged status Not for loan Home library Current library Date acquired Total Checkouts Total Renewals Full call number Barcode Date last seen Date checked out Copy number Price effective from Koha item type Checked out
          Riara University Library Riara University Library 15/04/2014 21 2 JZ5588.D356 2013 4688/14 11/12/2024 05/12/2024 C.1 15/04/2014 Book  
          Riara University Library Riara University Library 15/04/2014 14 1 JZ5588.D356 2013 4689/14 11/01/2024 21/05/2019 C.2 15/04/2014 Book  
          Riara University Library Riara University Library 15/04/2014 15 1 JZ5588.D356 2013 4690/14 17/06/2025 17/06/2025 C.3 15/04/2014 Book 11/07/2025
          Riara University Library Riara University Library 15/04/2014 7   JZ5588.D356 2013 4691/14 23/02/2015 23/02/2015 C.4 15/04/2014 Book 11/03/2015
          Riara University Library Riara University Library 15/04/2014 21   JZ5588.D356 2013 4692/14 12/09/2023 29/08/2023 C.5 15/04/2014 Book  

Riara University Library,
P.O. Box 49940-00100,
Nairobi, Kenya.